Представление документа в формате RUSMARC

ПолеНазваниеЗначение
  Тип записи a
  Библиографический уровень m
001 Контрольный номер RU/SLIB/B/208754176
005 Дата корректировки 20231130092656.5
010 Индекс ISBN __
d Цена 45-00; 40 000-00; 10 000-00
101 Язык документа 0_
a Язык текста rus
c Язык оригинала rus
200 Заглавие и сведения об ответственности 1_
a Заглавие Русское народное музыкальное творчество
e Сведения, относящиеся к заглавию очерки по теории фольклора
f Первые сведения об ответственности Руднева А. В.
b Общее обозначение материала Текст
210 Выходные данные 1_
a Место издания М.
c Издательство Композитор
d Дата издания 1994
215 Физическое описание __
a Объем 224 с.
c Иллюстрации/тип воспроизводства нот., портр.
320 Библиография __
a Библиография Библиогр.: с. 214-217
606 Тематические рубрики __
a Основная рубрика Музыка и зрелищные искусства
y Географическая подрубрика Россия
606 Тематические рубрики __
a Основная рубрика История музыки
610 Ключевые слова 0_
a Ключевые слова культура; фольклор; народное творчество; музыкальное творчество
a Ключевые слова музыкальный фольклор
a Ключевые слова народная музыка
a Ключевые слова русская народная музыка
686 Индексы других классификаций __
a Классификационный индекс 85.313(2=411.2)-2
700 Автор _1
a Фамилия Руднева
b Имя А. В.
4 Код отношения 070
801 Источник записи _0
a Страна RU
b Организация Муниципальное бюджетное учреждение культуры "Централизованная библиотечная система" г. Сургут (Центральная городская библиотека им. А. С. Пушкина)
g Правила каталогизации КиК/Уланова
801 Источник записи _1
a Страна RU
b Организация Муниципальное бюджетное учреждение культуры "Централизованная библиотечная система" г. Сургут (Центральная городская библиотека им. А. С. Пушкина)
g Правила каталогизации КиК/Уланова
852 Данные о местонахождении __
j Шифр хранения 85.313(2=411.2)-2
c Каталожный индекс 85.313(2)
i Авторский знак Р 83
p Инвентарный номер 70088; 57010
901 Тип документа __
t Тип документа m
990 Данные о заказе (DOS) __
j Количество экземпляров (DOS) 2; 1
t N записи в КСУ для И/У (DOS) 199801; 199601